000
00243nam a2200109Ia 4500
008
220204s9999 xx 000 0 und d
082
_a
82-3
_b
LEI
100
_a
Fritz
245
4
_a
The Wanderer
260
_a
England
_b
Penguin
_c
1976
942
_c
BK
999
_c
26268
_d
26268